Professional Identity of Long - Service Teachers: Continuing to Flourish in the Face of Change/Disseration Submitted to the University of Derby in Partial Fulfilment of the Requirements for the Degree of Master of Arts in Education (Record no. 8543)
[ view plain ]
| 000 -LEADER | |
|---|---|
| fixed length control field | 01242cam a22001934a 4500 |
| 005 - ΗΜΕΡΟΜΗΝΙΑ ΚΑΙ ΩΡΑ ΤΕΛΕΥΤΑΙΑΣ ΕΝΗΜΕΡΩΣΗΣ | |
| Πεδίο ελέγχου | 20250605164339.0 |
| 008 - FIXED-LENGTH DATA ELEMENTS--GENERAL INFORMATION | |
| Πεδίο ελέγχου σταθερού μήκους | 250528s ||||||||||||||||||||||||d |
| 035 ## - SYSTEM CONTROL NUMBER | |
| System control number | 23542 |
| 040 ## - ΠΗΓΗ ΚΑΤΑΛΟΓΟΓΡΑΦΗΣΗΣ | |
| Φορέας πρωτότυπης καταλογογράφησης | MC Athens Campus Library |
| Γλώσσα καταλογογράφησης | Ελληνικά, Μοντέρνα (1453-) |
| Modifying agency | MC Athens Campus Library |
| Κανόνες περιγραφικής καταλογογράφησης | AACR2 |
| 245 1# - ΤΙΤΛΟΣ ΚΑΙ ΔΗΛΩΣΗ ΥΠΕΥΘΥΝΟΤΗΤΑΣ | |
| Τίτλος | Professional Identity of Long - Service Teachers: Continuing to Flourish in the Face of Change/Disseration Submitted to the University of Derby in Partial Fulfilment of the Requirements for the Degree of Master of Arts in Education |
| 260 ## - PUBLICATION, DISTRIBUTION, ETC. | |
| Date of publication, distribution, etc. | 2020 |
| 300 ## - PHYSICAL DESCRIPTION | |
| Extent | 136 |
| 520 ## - SUMMARY, ETC. | |
| Summary, etc. | Introduction, Structure of the Thesis, Research Focus, Literature Review, Introduction, Long - Service Teachers, Teachers' Professional Identity, Influences on Identity, Tensions and Challenges, Commitment and Motivation and Job Satisfaction, Leadership, Conclusion, Methodology, Theoretical Position, Methodological Approach, Data Collection Tool, Sampling Strategy, Researcher Involvement and Bias, Data Collection Tool, Sampling Strategy, Researcher Involvement and Bias, Data Collection Process, Validity and Reliability, Ethics, Data Analysis, Limitations, Coclusion, References. |
| 700 1# - ΠΡΟΣΘΕΤΗ ΑΝΑΓΡΑΦΗ--ΦΥΣΙΚΟ ΠΡΟΣΩΠΟ | |
| Personal name | Corry Adele |
| 9 (RLIN) | 9118 |
| 700 1# - ΠΡΟΣΘΕΤΗ ΑΝΑΓΡΑΦΗ--ΦΥΣΙΚΟ ΠΡΟΣΩΠΟ | |
| Personal name | Triantafyllaki Angeliki |
| 9 (RLIN) | 9119 |
| 942 ## - ADDED ENTRY ELEMENTS (KOHA) | |
| Koha item type | Διπλωματική εργασία |
| Τύπος τεκμηρίου | Βιβλιοθήκη | Τρέχουσα τοποθεσία | Barcode | Ημερομηνία απόκτησης | Ταξιθετικό σύμβολο | Αριθμός αντιτύπου | Κατάσταση απόσυρσης | Κατάσταση χαμένου | Κατάσταση κατεστραμμένου | Μη δανεισμός | Σύνολο δανεισμών | Ημερομηνία τελευταίας εμφάνισης | Η τιμή ισχύει από |
|---|---|---|---|---|---|---|---|---|---|---|---|---|---|
| Διπλωματική εργασία | MC Athens Campus Library | MC Athens Campus Library | 9780000085429 | 05/06/2025 | EDU 2020 (6) | 1 | 05/06/2025 | 05/06/2025 |